[Event "Women's Baku Chess Olympiad"]
[Site "chess24.com"]
[Date "2016.09.10"]
[Round "8"]
[White "Azman Hisham, Nur Najiha"]
[Black "Jule, Alexandra"]
[Result "1/2-1/2"]
[Board "4"]
[WhiteID "5704685"]
[WhiteElo "1973"]
[WhiteTitle "WFM"]
[WhiteCountry "MAS"]
[WhiteFideId "5704685"]
[WhiteEloChange "1"]
[BlackID "3205517"]
[BlackElo "2000"]
[BlackTitle "WIM"]
[BlackCountry "AUS"]
[BlackFideId "3205517"]
[BlackEloChange "-1"]

1. d4 {[%clk 1:30:51]} Nf6 {[%clk 1:30:56]} 2. Nf3 {[%clk 1:30:50]} e6 {[%clk
1:31:17]} 3. g3 {[%clk 1:30:46]} c5 {[%clk 1:29:47]} 4. Bg2 {[%clk 1:28:12]} Nc6
{[%clk 1:26:37]} 5. O-O {[%clk 1:23:59]} d5 {[%clk 1:22:32]} 6. b3 {[%clk
1:16:26]} Bd7 {[%clk 1:11:50]} 7. Bb2 {[%clk 1:06:01]} Rc8 {[%clk 1:06:23]} 8.
Nbd2 {[%clk 1:03:15]} Be7 {[%clk 1:06:23]} 9. c4 {[%clk 0:59:38]} cxd4 {[%clk
0:51:00]} 10. cxd5 {[%clk 0:52:09]} Nxd5 {[%clk 0:49:45]} 11. Nxd4 {[%clk
0:52:17]} O-O {[%clk 0:41:43]} 12. e4 {[%clk 0:31:15]} Ndb4 {[%clk 0:39:07]} 13.
Nxc6 {[%clk 0:22:43]} Bxc6 {[%clk 0:38:13]} 14. Qg4 {[%clk 0:22:46]} g6 {[%clk
0:34:22]} 15. Nc4 {[%clk 0:22:34]} f5 {[%clk 0:13:46]} 16. exf5 {[%clk 0:18:45]}
exf5 {[%clk 0:14:10]} 17. Qe2 {[%clk 0:19:05]} Bxg2 {[%clk 0:07:31]} 18. Kxg2
{[%clk 0:18:29]} Qd5+ {[%clk 0:07:52]} 19. Kg1 {[%clk 0:17:57]} Qe4 {[%clk
0:03:24]} 20. Qd2 {[%clk 0:14:39]} Nd3 {[%clk 0:01:41]} 21. Rae1 {[%clk 0:11:47]}
Nxe1 {[%clk 0:01:38]} 22. Rxe1 {[%clk 0:12:12]} Bg5 {[%clk 0:01:13]} 23. f4
{[%clk 0:10:09]} Rcd8 {[%clk 0:00:54]} 24. Qf2 {[%clk 0:08:17]} Qd5 {[%clk
0:00:41]} 25. fxg5 {[%clk 0:08:24]} b5 {[%clk 0:00:52]} 26. Ne5 {[%clk 0:06:22]}
Qd2 {[%clk 0:00:46]} 27. Re2 {[%clk 0:06:10]} Qd1+ {[%clk 0:01:15]} 28. Kg2
{[%clk 0:06:27]} Rfe8 {[%clk 0:01:06]} 29. Rc2 {[%clk 0:05:45]} Rxe5 {[%clk
0:00:43]} 30. Bxe5 {[%clk 0:06:03]} Qd5+ {[%clk 0:01:12]} 31. Kh3 {[%clk
0:02:22]} Qxe5 {[%clk 0:01:38]} 32. Re2 {[%clk 0:02:18]} Qc7 {[%clk 0:00:58]} 33.
Qe1 {[%clk 0:01:30]} Qd7 {[%clk 0:00:47]} 34. Re7 {[%clk 0:01:16]} Qd5 {[%clk
0:00:38]} 35. Qc3 {[%clk 0:01:24]} Qd4 {[%clk 0:00:50]} 36. Qxd4 {[%clk 0:01:43]}
Rxd4 {[%clk 0:01:19]} 37. Rxa7 {[%clk 0:01:51]} b4 {[%clk 0:00:43]} 38. Ra4
{[%clk 0:02:01]} Re4 {[%clk 0:01:01]} 39. Kg2 {[%clk 0:01:36]} h5 {[%clk
0:00:45]} 40. Kf3 {[%clk 0:31:29]} h4 {[%clk 0:30:35]} 41. a3 {[%clk 0:27:24]}
bxa3 {[%clk 0:27:40]} 42. Rxa3 {[%clk 0:27:40]} hxg3 {[%clk 0:22:29]} 43. h3
{[%clk 0:24:11]} Rb4 {[%clk 0:16:53]} 44. Kxg3 {[%clk 0:24:28]} Kf7 {[%clk
0:17:15]} 1/2-1/2

[Event "Women's Baku Chess Olympiad"]
[Site "chess24.com"]
[Date "2016.09.10"]
[Round "8"]
[White "Farha, Doha"]
[Black "Stetsko, Lanita"]
[Result "0-1"]
[Board "1"]
[WhiteID "7602049"]
[WhiteElo "1851"]
[WhiteCountry "SYR"]
[WhiteFideId "7602049"]
[WhiteEloChange "-3"]
[BlackID "13505300"]
[BlackElo "2170"]
[BlackTitle "FM"]
[BlackCountry "BLR"]
[BlackFideId "13505300"]
[BlackEloChange "3"]

1. d4 {[%clk 1:30:56]} Nf6 {[%clk 1:30:50]} 2. c4 {[%clk 1:31:22]} e6 {[%clk
1:31:10]} 3. Nf3 {[%clk 1:31:41]} d5 {[%clk 1:31:01]} 4. e3 {[%clk 1:31:52]} b6
{[%clk 1:17:52]} 5. b3 {[%clk 1:17:51]} Bb7 {[%clk 1:17:12]} 6. Bd3 {[%clk
1:17:00]} Bd6 {[%clk 1:15:58]} 7. O-O {[%clk 1:16:21]} Ne4 {[%clk 1:10:22]} 8.
Bb2 {[%clk 1:11:25]} Nd7 {[%clk 1:05:37]} 9. Nbd2 {[%clk 1:02:41]} O-O {[%clk
1:02:59]} 10. Qc2 {[%clk 0:54:10]} f5 {[%clk 1:00:13]} 11. Ne5 {[%clk 0:49:16]}
Bxe5 {[%clk 0:44:37]} 12. dxe5 {[%clk 0:49:06]} Ndc5 {[%clk 0:44:48]} 13. Bxe4
{[%clk 0:39:33]} fxe4 {[%clk 0:42:21]} 14. Ba3 {[%clk 0:37:16]} d4 {[%clk
0:35:02]} 15. Bxc5 {[%clk 0:23:01]} bxc5 {[%clk 0:33:53]} 16. exd4 {[%clk
0:21:14]} cxd4 {[%clk 0:30:39]} 17. Rae1 {[%clk 0:16:58]} e3 {[%clk 0:26:12]} 18.
fxe3 {[%clk 0:16:11]} Qg5 {[%clk 0:19:18]} 19. e4 {[%clk 0:13:00]} Rxf1+ {[%clk
0:17:12]} 20. Nxf1 {[%clk 0:11:20]} Qxe5 {[%clk 0:16:30]} 21. Ng3 {[%clk
0:10:43]} Rf8 {[%clk 0:16:16]} 22. Qd3 {[%clk 0:09:46]} Rf4 {[%clk 0:15:06]} 23.
Rd1 {[%clk 0:05:50]} c5 {[%clk 0:14:50]} 24. Re1 {[%clk 0:06:10]} h5 {[%clk
0:15:02]} 25. Rf1 {[%clk 0:04:43]} h4 {[%clk 0:14:48]} 26. Rxf4 {[%clk 0:03:09]}
Qxf4 {[%clk 0:15:13]} 27. Ne2 {[%clk 0:03:19]} Qxe4 {[%clk 0:15:20]} 28. Qxe4
{[%clk 0:03:11]} Bxe4 {[%clk 0:15:48]} 29. Kf2 {[%clk 0:02:59]} e5 {[%clk
0:15:46]} 30. a3 {[%clk 0:03:14]} a5 {[%clk 0:15:34]} 31. g3 {[%clk 0:03:24]}
hxg3+ {[%clk 0:14:29]} 32. hxg3 {[%clk 0:03:41]} Bc2 {[%clk 0:14:45]} 33. Nc1
{[%clk 0:02:43]} e4 {[%clk 0:14:38]} 34. Ke2 {[%clk 0:02:45]} e3 {[%clk 0:14:18]}
35. b4 {[%clk 0:01:41]} axb4 {[%clk 0:14:21]} 36. axb4 {[%clk 0:02:02]} cxb4
{[%clk 0:14:45]} 37. c5 {[%clk 0:02:13]} b3 {[%clk 0:14:31]} 38. Nd3 {[%clk
0:01:56]} Bxd3+ {[%clk 0:14:50]} 39. Kxd3 {[%clk 0:02:21]} b2 {[%clk 0:15:05]}
0-1

[Event "Women's Baku Chess Olympiad"]
[Site "chess24.com"]
[Date "2016.09.10"]
[Round "8"]
[White "Badelka, Olga"]
[Black "Alkaseir, Roaa"]
[Result "1-0"]
[Board "2"]
[WhiteID "13509926"]
[WhiteElo "2222"]
[WhiteCountry "BLR"]
[WhiteFideId "13509926"]
[WhiteEloChange "2"]
[BlackID "7602847"]
[BlackElo "1674"]
[BlackCountry "SYR"]
[BlackFideId "7602847"]
[BlackEloChange "-2"]

1. d4 {[%clk 1:30:56]} Nf6 {[%clk 1:30:53]} 2. c4 {[%clk 1:31:15]} e6 {[%clk
1:31:18]} 3. Nc3 {[%clk 1:31:41]} Bb4 {[%clk 1:31:45]} 4. e3 {[%clk 1:32:05]} d5
{[%clk 1:29:05]} 5. cxd5 {[%clk 1:32:11]} Nxd5 {[%clk 1:25:21]} 6. Bd2 {[%clk
1:31:13]} O-O {[%clk 1:23:29]} 7. Nf3 {[%clk 1:30:53]} Nd7 {[%clk 1:16:44]} 8.
Bd3 {[%clk 1:26:13]} c6 {[%clk 1:10:40]} 9. O-O {[%clk 1:25:47]} Qe7 {[%clk
1:09:42]} 10. e4 {[%clk 1:25:05]} Nxc3 {[%clk 1:08:38]} 11. bxc3 {[%clk 1:25:33]}
Ba5 {[%clk 1:08:55]} 12. e5 {[%clk 1:25:28]} f5 {[%clk 0:57:46]} 13. exf6 {[%clk
1:22:31]} Nxf6 {[%clk 0:57:25]} 14. Qc2 {[%clk 1:22:18]} Bc7 {[%clk 0:56:05]} 15.
Bg5 {[%clk 1:20:53]} Qf7 {[%clk 0:50:42]} 16. Ne5 {[%clk 1:09:08]} Qh5 {[%clk
0:50:36]} 17. f4 {[%clk 1:09:28]} Bxe5 {[%clk 0:44:37]} 18. fxe5 {[%clk 1:09:50]}
Qxg5 {[%clk 0:37:49]} 19. exf6 {[%clk 1:10:14]} g6 {[%clk 0:23:49]} 20. Qf2
{[%clk 1:09:51]} Rf7 {[%clk 0:24:12]} 21. Rae1 {[%clk 1:08:11]} Bd7 {[%clk
0:24:23]} 22. Re5 {[%clk 1:08:02]} Qh6 {[%clk 0:24:46]} 23. g4 {[%clk 1:06:42]}
Rd8 {[%clk 0:17:47]} 24. g5 {[%clk 1:06:48]} Qf8 {[%clk 0:18:13]} 25. h4 {[%clk
1:04:54]} Qd6 {[%clk 0:13:54]} 26. h5 {[%clk 1:04:31]} gxh5 {[%clk 0:12:14]} 27.
g6 {[%clk 1:03:15]} hxg6 {[%clk 0:11:13]} 28. Bxg6 {[%clk 1:03:33]} Qf8 {[%clk
0:08:25]} 29. Rxh5 {[%clk 1:02:31]} Be8 {[%clk 0:06:46]} 30. Bxf7+ {[%clk
1:02:43]} Qxf7 {[%clk 0:06:47]} 31. Qg3+ {[%clk 1:02:54]} Qg6 {[%clk 0:07:04]}
32. Rg5 {[%clk 1:03:18]} 1-0

[Event "Women's Baku Chess Olympiad"]
[Site "chess24.com"]
[Date "2016.09.10"]
[Round "8"]
[White "Al-Mahmoud, Rola"]
[Black "Bogdan, Ekaterina"]
[Result "1-0"]
[Board "3"]
[WhiteID "7601263"]
[WhiteElo "1684"]
[WhiteCountry "SYR"]
[WhiteFideId "7601263"]
[WhiteEloChange "18"]
[BlackID "13502638"]
[BlackElo "2120"]
[BlackTitle "WFM"]
[BlackCountry "BLR"]
[BlackFideId "13502638"]
[BlackEloChange "-18"]

1. e4 {[%clk 1:30:55]} e6 {[%clk 1:30:56]} 2. d3 {[%clk 1:31:19]} d5 {[%clk
1:31:18]} 3. Nd2 {[%clk 1:31:43]} Nf6 {[%clk 1:31:23]} 4. g3 {[%clk 1:32:04]} Be7
{[%clk 1:31:22]} 5. Bg2 {[%clk 1:32:16]} c5 {[%clk 1:31:28]} 6. Ngf3 {[%clk
1:32:35]} Nc6 {[%clk 1:30:38]} 7. O-O {[%clk 1:32:41]} O-O {[%clk 1:30:24]} 8.
Re1 {[%clk 1:31:20]} b5 {[%clk 1:29:54]} 9. e5 {[%clk 1:31:27]} Nd7 {[%clk
1:30:11]} 10. Nf1 {[%clk 1:31:37]} b4 {[%clk 1:28:56]} 11. h4 {[%clk 1:31:40]}
Qc7 {[%clk 1:25:26]} 12. Bf4 {[%clk 1:31:39]} Bb7 {[%clk 1:24:22]} 13. N1h2
{[%clk 1:31:54]} Rfc8 {[%clk 1:24:33]} 14. Ng4 {[%clk 1:31:27]} Bf8 {[%clk
1:23:50]} 15. h5 {[%clk 1:31:18]} h6 {[%clk 1:23:54]} 16. Qc1 {[%clk 1:18:13]}
Nd4 {[%clk 1:18:16]} 17. Nh4 {[%clk 1:10:21]} c4 {[%clk 1:07:17]} 18. c3 {[%clk
1:01:24]} Nb5 {[%clk 1:04:13]} 19. d4 {[%clk 1:01:08]} bxc3 {[%clk 1:01:20]} 20.
bxc3 {[%clk 1:00:23]} Qa5 {[%clk 0:55:37]} 21. Re3 {[%clk 0:54:05]} Qa3 {[%clk
0:38:58]} 22. Qd2 {[%clk 0:50:11]} Bc6 {[%clk 0:38:10]} 23. Rf3 {[%clk 0:48:27]}
Rab8 {[%clk 0:31:11]} 24. Bxh6 {[%clk 0:41:26]} gxh6 {[%clk 0:27:18]} 25. Nxh6+
{[%clk 0:41:33]} Bxh6 {[%clk 0:27:31]} 26. Qxh6 {[%clk 0:41:48]} Qf8 {[%clk
0:27:42]} 27. Qf4 {[%clk 0:38:10]} Na3 {[%clk 0:25:45]} 28. Bh3 {[%clk 0:30:08]}
Qg7 {[%clk 0:22:58]} 29. h6 {[%clk 0:29:57]} Qh7 {[%clk 0:19:40]} 30. Bxe6 {[%clk
0:24:15]} Nf8 {[%clk 0:14:08]} 31. Bxf7+ {[%clk 0:24:18]} 1-0

[Event "Women's Baku Chess Olympiad"]
[Site "chess24.com"]
[Date "2016.09.10"]
[Round "8"]
[White "Revo, Tatiana"]
[Black "Manar, Khalil"]
[Result "1-0"]
[Board "4"]
[WhiteID "13506480"]
[WhiteElo "2087"]
[WhiteCountry "BLR"]
[WhiteFideId "13506480"]
[WhiteEloChange "2"]
[BlackID "7604661"]
[BlackElo "1725"]
[BlackCountry "SYR"]
[BlackFideId "7604661"]
[BlackEloChange "-2"]

1. e4 {[%clk 1:30:58]} c5 {[%clk 1:30:49]} 2. Nf3 {[%clk 1:31:23]} e6 {[%clk
1:31:07]} 3. d4 {[%clk 1:31:48]} cxd4 {[%clk 1:31:25]} 4. Nxd4 {[%clk 1:32:13]}
Nf6 {[%clk 1:31:38]} 5. Nc3 {[%clk 1:32:37]} Nc6 {[%clk 1:31:45]} 6. Ndb5 {[%clk
1:32:50]} d6 {[%clk 1:31:54]} 7. Bf4 {[%clk 1:33:05]} e5 {[%clk 1:31:59]} 8. Bg5
{[%clk 1:33:28]} a6 {[%clk 1:31:55]} 9. Na3 {[%clk 1:33:51]} b5 {[%clk 1:32:01]}
10. Nd5 {[%clk 1:34:12]} Be7 {[%clk 1:29:48]} 11. Bxf6 {[%clk 1:34:23]} Bxf6
{[%clk 1:30:10]} 12. c4 {[%clk 1:34:30]} b4 {[%clk 1:29:56]} 13. Nc2 {[%clk
1:34:53]} a5 {[%clk 1:30:06]} 14. g3 {[%clk 1:34:33]} O-O {[%clk 1:28:15]} 15.
Bg2 {[%clk 1:24:14]} Bg5 {[%clk 1:21:22]} 16. O-O {[%clk 1:19:24]} Be6 {[%clk
1:14:37]} 17. Qd3 {[%clk 1:03:23]} Qb8 {[%clk 1:01:01]} 18. b3 {[%clk 0:53:36]}
Rd8 {[%clk 0:51:56]} 19. f4 {[%clk 0:46:25]} Bh6 {[%clk 0:48:09]} 20. Kh1 {[%clk
0:46:17]} Qa7 {[%clk 0:44:28]} 21. Qf3 {[%clk 0:34:26]} Nb8 {[%clk 0:28:09]} 22.
Rad1 {[%clk 0:27:24]} Na6 {[%clk 0:22:13]} 23. Qh5 {[%clk 0:24:14]} Qb8 {[%clk
0:17:19]} 24. Nf6+ {[%clk 0:22:08]} Kh8 {[%clk 0:07:15]} 25. f5 {[%clk 0:20:31]}
Bc8 {[%clk 0:05:40]} 26. Ng4 {[%clk 0:19:44]} Qc7 {[%clk 0:03:40]} 27. Nxh6
{[%clk 0:18:53]} gxh6 {[%clk 0:03:34]} 28. Qxh6 {[%clk 0:17:18]} Nc5 {[%clk
0:02:47]} 29. Ne3 {[%clk 0:14:06]} Bb7 {[%clk 0:02:15]} 30. Nd5 {[%clk 0:10:59]}
Bxd5 {[%clk 0:02:14]} 31. Rxd5 {[%clk 0:11:22]} a4 {[%clk 0:01:34]} 32. Rf4
{[%clk 0:08:51]} Qe7 {[%clk 0:00:32]} 33. f6 {[%clk 0:03:43]} Qf8 {[%clk
0:00:49]} 34. Qxf8+ {[%clk 0:03:21]} Rxf8 {[%clk 0:01:18]} 35. Rf1 {[%clk
0:02:28]} axb3 {[%clk 0:01:09]} 36. axb3 {[%clk 0:02:52]} Rfd8 {[%clk 0:01:17]}
37. Rb1 {[%clk 0:02:50]} Ra3 {[%clk 0:00:39]} 38. Rd2 {[%clk 0:02:33]} h6 {[%clk
0:00:33]} 39. h4 {[%clk 0:02:30]} Kh7 {[%clk 0:00:34]} 40. Kh2 {[%clk 0:31:04]}
Ra6 {[%clk 0:30:39]} 41. h5 {[%clk 0:25:05]} Rb8 {[%clk 0:25:28]} 42. Bh3 {[%clk
0:23:36]} Kg8 {[%clk 0:24:16]} 43. Bf5 {[%clk 0:22:54]} Rbb6 {[%clk 0:22:22]} 44.
g4 {[%clk 0:22:27]} Ra3 {[%clk 0:21:43]} 45. g5 {[%clk 0:19:43]} Nxb3 {[%clk
0:18:46]} 46. Rg2 {[%clk 0:18:38]} Nd4 {[%clk 0:18:01]} 47. gxh6+ {[%clk
0:17:52]} Kh8 {[%clk 0:17:53]} 48. Rg7 {[%clk 0:15:37]} Nxf5 {[%clk 0:16:08]} 49.
exf5 {[%clk 0:15:59]} Ra7 {[%clk 0:15:01]} 50. Rbg1 {[%clk 0:14:13]} Rb8 {[%clk
0:14:41]} 51. h7 {[%clk 0:14:18]} Raa8 {[%clk 0:14:55]} 52. Rxf7 {[%clk 0:13:37]}
b3 {[%clk 0:14:46]} 53. Rg8+ {[%clk 0:10:39]} Rxg8 {[%clk 0:13:50]} 54. hxg8Q+
{[%clk 0:11:03]} Kxg8 {[%clk 0:14:11]} 55. Rb7 {[%clk 0:11:28]} b2 {[%clk
0:13:37]} 56. Rxb2 {[%clk 0:11:46]} Kf7 {[%clk 0:13:42]} 57. Rb6 {[%clk 0:10:49]}
Kxf6 {[%clk 0:10:38]} 58. Rxd6+ {[%clk 0:11:10]} Kxf5 {[%clk 0:10:56]} 59. h6
{[%clk 0:10:00]} Rc8 {[%clk 0:06:25]} 60. h7 {[%clk 0:08:46]} Rh8 {[%clk
0:03:32]} 61. Rd7 {[%clk 0:08:37]} Ke6 {[%clk 0:02:41]} 62. Rb7 {[%clk 0:08:02]}
Kd6 {[%clk 0:01:59]} 63. Kg3 {[%clk 0:08:25]} Kc6 {[%clk 0:01:14]} 64. Rg7 {[%clk
0:08:37]} Kc5 {[%clk 0:01:24]} 65. Kg4 {[%clk 0:08:51]} Kxc4 {[%clk 0:01:26]} 66.
Kf5 {[%clk 0:09:09]} Kd5 {[%clk 0:01:15]} 67. Rd7+ {[%clk 0:06:12]} Kc6 {[%clk
0:01:20]} 68. Re7 {[%clk 0:06:21]} Kd6 {[%clk 0:00:44]} 69. Re6+ {[%clk 0:06:14]}
Kd7 {[%clk 0:00:46]} 70. Rh6 {[%clk 0:06:37]} Ke7 {[%clk 0:00:34]} 71. Kg6 {[%clk
0:06:40]} e4 {[%clk 0:00:36]} 72. Kg7 {[%clk 0:07:02]} e3 {[%clk 0:00:41]} 73.
Kxh8 {[%clk 0:07:20]} 1-0

[Event "Women's Baku Chess Olympiad"]
[Site "chess24.com"]
[Date "2016.09.10"]
[Round "8"]
[White "Unuk, Laura"]
[Black "Baptista, Ana Filipa"]
[Result "1-0"]
[Board "1"]
[WhiteID "14609215"]
[WhiteElo "2332"]
[WhiteTitle "WIM"]
[WhiteCountry "SLO"]
[WhiteFideId "14609215"]
[WhiteEloChange "5"]
[BlackID "1902970"]
[BlackElo "2125"]
[BlackTitle "WFM"]
[BlackCountry "POR"]
[BlackFideId "1902970"]
[BlackEloChange "-5"]

1. d4 {[%clk 1:30:55]} Nf6 {[%clk 1:30:53]} 2. c4 {[%clk 1:31:11]} e6 {[%clk
1:31:10]} 3. Nf3 {[%clk 1:31:22]} b6 {[%clk 1:31:29]} 4. g3 {[%clk 1:31:35]} Bb7
{[%clk 1:31:43]} 5. Bg2 {[%clk 1:31:49]} Be7 {[%clk 1:31:49]} 6. O-O {[%clk
1:32:02]} O-O {[%clk 1:31:58]} 7. Re1 {[%clk 1:32:02]} d5 {[%clk 1:31:51]} 8.
cxd5 {[%clk 1:32:13]} exd5 {[%clk 1:32:10]} 9. Nc3 {[%clk 1:32:32]} Nbd7 {[%clk
1:24:54]} 10. Bf4 {[%clk 1:32:11]} Nh5 {[%clk 1:21:44]} 11. Be3 {[%clk 1:28:27]}
c6 {[%clk 1:15:54]} 12. Qc2 {[%clk 1:25:49]} Nhf6 {[%clk 1:09:45]} 13. Rad1
{[%clk 1:24:35]} Rc8 {[%clk 1:08:52]} 14. Bf4 {[%clk 1:15:09]} Nh5 {[%clk
1:00:07]} 15. Bc1 {[%clk 1:14:49]} Nhf6 {[%clk 0:58:37]} 16. e4 {[%clk 1:02:59]}
Nxe4 {[%clk 0:56:26]} 17. Nxe4 {[%clk 1:02:17]} dxe4 {[%clk 0:56:40]} 18. Qxe4
{[%clk 0:58:09]} Bb4 {[%clk 0:54:22]} 19. Re3 {[%clk 0:54:51]} Nf6 {[%clk
0:52:02]} 20. Qc2 {[%clk 0:54:03]} Nd5 {[%clk 0:44:17]} 21. Re4 {[%clk 0:48:50]}
Nf6 {[%clk 0:39:17]} 22. Rh4 {[%clk 0:47:16]} Be7 {[%clk 0:33:48]} 23. Ne5 {[%clk
0:43:36]} Qd6 {[%clk 0:29:00]} 24. Ng4 {[%clk 0:34:34]} g6 {[%clk 0:25:39]} 25.
Nh6+ {[%clk 0:34:19]} Kh8 {[%clk 0:20:57]} 26. Bf4 {[%clk 0:34:16]} Qe6 {[%clk
0:18:17]} 27. Be5 {[%clk 0:33:56]} Bd6 {[%clk 0:15:27]} 28. Bh3 {[%clk 0:31:44]}
Qe7 {[%clk 0:15:19]} 29. Nf5 {[%clk 0:28:48]} gxf5 {[%clk 0:14:27]} 30. Qxf5
{[%clk 0:29:08]} Bxe5 {[%clk 0:13:39]} 31. dxe5 {[%clk 0:29:11]} Rfd8 {[%clk
0:09:57]} 32. Rxd8+ {[%clk 0:28:30]} Rxd8 {[%clk 0:05:49]} 33. exf6 {[%clk
0:28:24]} Rd1+ {[%clk 0:06:02]} 34. Bf1 {[%clk 0:28:33]} Rxf1+ {[%clk 0:06:14]}
35. Kxf1 {[%clk 0:28:55]} Ba6+ {[%clk 0:06:36]} 36. Kg2 {[%clk 0:29:14]} 1-0

[Event "Women's Baku Chess Olympiad"]
[Site "chess24.com"]
[Date "2016.09.10"]
[Round "8"]
[White "Coimbra, Margarida"]
[Black "Krivec, Jana"]
[Result "0-1"]
[Board "2"]
[WhiteID "1901192"]
[WhiteElo "2078"]
[WhiteTitle "WFM"]
[WhiteCountry "POR"]
[WhiteFideId "1901192"]
[WhiteEloChange "-5"]
[BlackID "14601982"]
[BlackElo "2259"]
[BlackTitle "WGM"]
[BlackCountry "SLO"]
[BlackFideId "14601982"]
[BlackEloChange "5"]

1. e4 {[%clk 1:30:57]} e5 {[%clk 1:30:53]} 2. Nf3 {[%clk 1:31:19]} Nc6 {[%clk
1:31:19]} 3. d4 {[%clk 1:31:36]} exd4 {[%clk 1:31:43]} 4. Nxd4 {[%clk 1:31:57]}
Nf6 {[%clk 1:32:07]} 5. Nxc6 {[%clk 1:32:15]} bxc6 {[%clk 1:32:30]} 6. e5 {[%clk
1:32:33]} Qe7 {[%clk 1:32:43]} 7. Qe2 {[%clk 1:32:53]} Nd5 {[%clk 1:33:05]} 8. c4
{[%clk 1:33:12]} Nb6 {[%clk 1:33:23]} 9. Nc3 {[%clk 1:33:19]} Qe6 {[%clk
1:33:36]} 10. Qe4 {[%clk 1:33:27]} Ba6 {[%clk 1:33:53]} 11. b3 {[%clk 1:32:57]}
O-O-O {[%clk 1:34:03]} 12. Bb2 {[%clk 1:29:18]} Re8 {[%clk 1:34:21]} 13. f4
{[%clk 1:25:54]} f6 {[%clk 1:34:11]} 14. O-O-O {[%clk 1:20:25]} fxe5 {[%clk
1:34:19]} 15. c5 {[%clk 1:19:41]} Bxf1 {[%clk 1:34:39]} 16. cxb6 {[%clk 1:20:01]}
Ba6 {[%clk 1:34:44]} 17. Qa4 {[%clk 1:19:41]} Kb7 {[%clk 1:34:51]} 18. bxc7
{[%clk 1:18:47]} d5 {[%clk 1:34:57]} 19. fxe5 {[%clk 1:15:43]} Bc5 {[%clk
1:34:43]} 20. Kb1 {[%clk 0:31:57]} Qxe5 {[%clk 1:04:15]} 21. Nxd5 {[%clk
0:20:09]} Qf5+ {[%clk 1:02:39]} 22. Ka1 {[%clk 0:20:29]} cxd5 {[%clk 1:00:04]}
23. Rc1 {[%clk 0:19:50]} Re4 {[%clk 0:59:34]} 24. Qa5 {[%clk 0:15:20]} Bb4 {[%clk
0:54:03]} 25. Qa4 {[%clk 0:15:14]} Bc3 {[%clk 0:53:50]} 26. Qa3 {[%clk 0:12:36]}
Bxb2+ {[%clk 0:53:46]} 27. Qxb2 {[%clk 0:12:46]} Qe5 {[%clk 0:49:39]} 28. Rc3
{[%clk 0:08:18]} Re2 {[%clk 0:44:21]} 29. Qc1 {[%clk 0:08:07]} Rc8 {[%clk
0:44:02]} 30. Kb1 {[%clk 0:07:31]} Rxc7 {[%clk 0:43:53]} 31. Rxc7+ {[%clk
0:07:03]} Qxc7 {[%clk 0:44:19]} 32. Qd1 {[%clk 0:07:13]} Qe5 {[%clk 0:44:29]} 0-1

[Event "Women's Baku Chess Olympiad"]
[Site "chess24.com"]
[Date "2016.09.10"]
[Round "8"]
[White "Kolaric, Spela"]
[Black "Silva, Mariana Sofia T."]
[Result "1/2-1/2"]
[Board "3"]
[WhiteID "14607093"]
[WhiteElo "2079"]
[WhiteTitle "WFM"]
[WhiteCountry "SLO"]
[WhiteFideId "14607093"]
[WhiteEloChange "-7"]
[BlackID "1911899"]
[BlackElo "1789"]
[BlackCountry "POR"]
[BlackFideId "1911899"]
[BlackEloChange "7"]

1. d4 {[%clk 1:30:57]} Nf6 {[%clk 1:30:51]} 2. c4 {[%clk 1:31:11]} g6 {[%clk
1:31:13]} 3. g3 {[%clk 1:31:37]} Bg7 {[%clk 1:31:37]} 4. Bg2 {[%clk 1:32:02]} d6
{[%clk 1:31:59]} 5. Nf3 {[%clk 1:32:17]} O-O {[%clk 1:32:21]} 6. O-O {[%clk
1:32:33]} c5 {[%clk 1:32:12]} 7. Nc3 {[%clk 1:30:25]} Nc6 {[%clk 1:32:33]} 8. d5
{[%clk 1:27:01]} Na5 {[%clk 1:32:43]} 9. Qd3 {[%clk 1:26:15]} a6 {[%clk 1:28:11]}
10. Rb1 {[%clk 1:22:10]} b5 {[%clk 1:23:19]} 11. cxb5 {[%clk 1:19:13]} axb5
{[%clk 1:23:41]} 12. Qxb5 {[%clk 1:17:49]} Bf5 {[%clk 1:18:02]} 13. Ra1 {[%clk
1:15:25]} Bc2 {[%clk 0:49:59]} 14. Nd2 {[%clk 1:06:54]} Rb8 {[%clk 0:45:11]} 15.
Qa6 {[%clk 1:06:58]} Ra8 {[%clk 0:45:03]} 16. Qb5 {[%clk 1:07:17]} Qc7 {[%clk
0:43:02]} 17. e4 {[%clk 1:06:35]} c4 {[%clk 0:40:31]} 18. Qb4 {[%clk 1:00:57]}
Rfb8 {[%clk 0:40:06]} 19. Nb5 {[%clk 1:00:48]} Qd7 {[%clk 0:36:08]} 20. a4 {[%clk
0:59:02]} Bd3 {[%clk 0:28:29]} 21. Re1 {[%clk 0:57:39]} Ne8 {[%clk 0:25:18]} 22.
Qa3 {[%clk 0:51:19]} Nb3 {[%clk 0:17:20]} 23. Nxb3 {[%clk 0:49:01]} Rxb5 {[%clk
0:16:29]} 24. Nd2 {[%clk 0:48:44]} Rba5 {[%clk 0:14:42]} 25. Qb4 {[%clk 0:47:36]}
Rxa4 {[%clk 0:13:23]} 26. Rxa4 {[%clk 0:47:57]} Qxa4 {[%clk 0:11:15]} 27. Qxa4
{[%clk 0:47:15]} Rxa4 {[%clk 0:11:44]} 28. Bf1 {[%clk 0:42:35]} Bxf1 {[%clk
0:10:55]} 29. Kxf1 {[%clk 0:42:34]} c3 {[%clk 0:10:49]} 30. bxc3 {[%clk 0:43:01]}
Bxc3 {[%clk 0:11:11]} 31. Re3 {[%clk 0:42:08]} Bd4 {[%clk 0:07:24]} 32. Ra3
{[%clk 0:37:51]} Rxa3 {[%clk 0:06:32]} 33. Bxa3 {[%clk 0:38:20]} Nf6 {[%clk
0:06:30]} 34. f3 {[%clk 0:38:21]} Nd7 {[%clk 0:06:19]} 35. Nb3 {[%clk 0:37:38]}
Be5 {[%clk 0:05:37]} 36. Ke2 {[%clk 0:35:48]} h5 {[%clk 0:05:41]} 37. Na5 {[%clk
0:34:20]} Kf8 {[%clk 0:04:13]} 38. Nc6 {[%clk 0:33:19]} Bf6 {[%clk 0:04:09]} 39.
Bc1 {[%clk 0:31:16]} Nc5 {[%clk 0:03:51]} 40. Be3 {[%clk 1:00:48]} Nd7 {[%clk
0:33:34]} 41. f4 {[%clk 0:59:10]} Ke8 {[%clk 0:32:45]} 42. h3 {[%clk 0:59:10]}
Bg7 {[%clk 0:28:59]} 43. Kd3 {[%clk 0:52:04]} Bf6 {[%clk 0:27:25]} 44. g4 {[%clk
0:48:06]} hxg4 {[%clk 0:27:25]} 45. hxg4 {[%clk 0:48:35]} Bg7 {[%clk 0:27:07]}
46. Bf2 {[%clk 0:46:47]} Nf6 {[%clk 0:25:34]} 47. Bd4 {[%clk 0:45:15]} Kd7 {[%clk
0:25:34]} 48. Bxf6 {[%clk 0:45:22]} Bxf6 {[%clk 0:25:55]} 49. e5 {[%clk 0:45:21]}
Bg7 {[%clk 0:25:38]} 50. Ke4 {[%clk 0:41:50]} e6 {[%clk 0:24:46]} 51. Nd4 {[%clk
0:39:22]} exd5+ {[%clk 0:24:55]} 52. Kxd5 {[%clk 0:39:49]} dxe5 {[%clk 0:25:08]}
53. fxe5 {[%clk 0:40:05]} Ke7 {[%clk 0:25:09]} 54. Nf3 {[%clk 0:37:35]} Kd7
{[%clk 0:24:47]} 55. Ng5 {[%clk 0:35:14]} Ke7 {[%clk 0:24:49]} 56. Nh7 {[%clk
0:30:53]} Kd7 {[%clk 0:24:14]} 57. Ke4 {[%clk 0:30:19]} Ke6 {[%clk 0:24:11]} 58.
Ng5+ {[%clk 0:30:37]} Ke7 {[%clk 0:24:35]} 59. Nf3 {[%clk 0:29:51]} Ke6 {[%clk
0:24:35]} 60. Nd4+ {[%clk 0:30:17]} Ke7 {[%clk 0:24:52]} 61. Kd5 {[%clk 0:30:34]}
Bh8 {[%clk 0:24:13]} 62. Nb5 {[%clk 0:29:04]} Bg7 {[%clk 0:24:12]} 63. Nd6 {[%clk
0:26:22]} Bh8 {[%clk 0:24:21]} 64. Nc8+ {[%clk 0:26:28]} Kd7 {[%clk 0:24:38]} 65.
Nd6 {[%clk 0:26:41]} Ke7 {[%clk 0:25:01]} 66. Nc8+ {[%clk 0:27:06]} Kd7 {[%clk
0:25:26]} 67. Nd6 {[%clk 0:27:23]} 1/2-1/2